Rozponaj zawodnika FC Barcelony #10 - Statystyki

Ogólne statystyki
  • Ten quiz został rozwiązany 38 razy
  • Średni wynik to 9 z 16
Statystyki odpowiedzi
Obrazkowy Odpowiedź % Poprawnych
Ronaldo
97%
Iñaki Peña
90%
Andreas Christensen
87%
Arthur Melo
77%
David Villa
77%
Cesc Fàbregas
71%
Marc Casadó
65%
Héctor Fort
55%
José Manuel Pinto
55%
Romário
55%
Rafinha
52%
Laurent Blanc
39%
Ernesto Valverde
35%
Rafael Márquez
35%
Javier Saviola
29%
Martín Cáceres
3%
Nie znaleziono quizów pasujących do podanych kryteriów
Rozkład punktacji
Procent ludzi z każdym wynikiem
Percentyl według liczby udzielonych odpowiedzi
Twoja historia wyników
Nie rozwiązałeś tego quizu